La unión de los esposos (Record no. 110116)

MARC details
000 -LEADER
campo de control de longitud fija 00751nam a2200217 4500
001 - NÚMERO DE CONTROL
campo de control 110116
003 - IDENTIFICADOR DE NÚMERO DE CONTROL
campo de control ES-MaACL
005 - FECHA Y HORA DE LA ÚLTIMA TRANSACCIÓN
campo de control 20230906184958.0
007 - CAMPO FIJO DE DESCRIPCIÓN FÍSICA--INFORMACIÓN GENERAL
campo de control de longitud fija t|
008 - DATOS DE LONGITUD FIJA--INFORMACIÓN GENERAL
campo de control de longitud fija 061121s1967 sp r ||||1| spa d
100 1# - ENTRADA PRINCIPAL--NOMBRE DE PERSONA
Nombre de persona Oraison, Marc.
9 (RLIN) 87144
245 13 - MENCIÓN DEL TÍTULO
Título La unión de los esposos
Resto del título : psicología, biología, teología /
Mención de responsabilidad, etc. Marc Oraison ; [traducción por Pedro Meseguer, S. J. ].
250 ## - MENCION DE EDICION
Mención de edición 2ª ed. actualizada.
260 ## - PUBLICACIÓN, DISTRIBUCIÓN, ETC.
Lugar de publicación, distribución, etc. Madrid :
Nombre del editor, distribuidor, etc. Razón y Fé,
Fecha de publicación, distribución, etc. 1967.
300 ## - DESCRIPCIÓN FÍSICA
Extensión 214 p. ;
Dimensiones 21 cm.
490 1# - MENCIÓN DE SERIE
Mención de serie Colección psicología, medicina, pastoral ;
Designación de volumen o secuencia XVII
700 1# - ENTRADA AGREGADA--NOMBRE PERSONAL
Nombre de persona Meseguer, Pedro.
9 (RLIN) 80656
830 0# - PUNTO DE ACCESO ADICIONAL DE SERIE-TÍTULO UNIFORME
Título uniforme Colección psicología, medicina, pastoral ;
Designación de volumen o secuencia XVII
9 (RLIN) 185610
852 ## - LOCALIZACIÓN
Ubicación ES-MaACL
Número de control de estantería C-33999
Sublocalización o colección R.64992
Holdings
Estatus retirado Estado de pérdida Estado de daño No para préstamo Biblioteca de origen Biblioteca actual Ubicación en estantería Fecha de adquisición Fuente de adquisición Total de préstamos Signatura topográfica completa Código de barras Visto por última vez Precio de reemplazo Tipo de ítem Koha
        Biblioteca del Ateneo de Madrid Biblioteca del Ateneo de Madrid Depósito 2 17/01/2008     C-33999 1114885 23/02/2023 23/02/2023 Libro impreso